Symposia mathematica /

Bibliographic Details
Corporate Authors: Istituto nazionale di alta matematica (Italy), Istituto nazionale di alta matematica Francesco Severi
Format: Serial
Language:English
French
German
Italian
Language Notes:Contributions in English, French, German, and Italian.
Published: London ; New York : Academic Press, 1969-
Series:Pubblicazione dell'Istituto nazionale di alta matematica.
Pubblicazione dell'Istituto nazionale di alta matematica Francesco Severi.
Subjects:
Online Availability: Check for online availability

MARC

Tag First Indicator Second Indicator Subfields
LEADER 00000cas a2200000 a 4500
001 in00000093242
005 20150925085424.0
008 760620d19691997enk x m 1 b0eng c
010 |a  96650403   |z  77497037   |z sn 88000616  
016 7 |a 010509453  |2 Uk 
019 |a 2559621  |a 39227439 
022 0 |a 0082-0725  |l 0082-0725  |2 1 
029 1 |a YDXCP  |b 100178762 
029 1 |a NZ1  |b 3386160 
029 1 |a AU@  |b 000000942018 
029 1 |a AU@  |b 000044761748 
029 1 |a AU@  |b 000050749006 
029 1 |a AU@  |b 000045773250 
035 |a (OCoLC)ocm02253604 
035 |a (OCoLC)2253604  |z (OCoLC)2559621  |z (OCoLC)39227439 
040 |a MUL  |b eng  |c MUL  |d HUL  |d IUL  |d OCL  |d NSD  |d DLC  |d WAU  |d DLC  |d OCL  |d RBN  |d OCLCQ  |d NLGGC  |d OCLCQ  |d UKMGB  |d OCLCQ  |d UtOrBLW 
041 0 |a eng  |a fre  |a ger  |a ita 
042 |a pcc 
049 |a TXAM 
082 1 0 |a 510  |2 11 
090 |a QA1  |b .S89 
210 0 |a Symp. Math. 
222 0 |a Symposia Mathematica 
245 0 0 |a Symposia mathematica /  |c Istituto nazionale di alta matematica. 
264 1 |a London ;  |a New York :  |b Academic Press,  |c 1969- 
300 |a volumes ;  |c 25 cm. 
310 |a Irregular 
336 |a text  |b txt  |2 rdacontent 
337 |a unmediated  |b n  |2 rdamedia 
338 |a volume  |b nc  |2 rdacarrier 
362 0 |a Vol. 1- 
362 1 |a Ceased with v. 39 in 1997. 
490 1 |a Vol. 1-22: Pubblicazione dell'Istituto nazionale di alta matematica 
490 1 |a Vol. 23-28: Pubblicazione dell'Istituto nazionale di alta matematica Francesco Severi 
500 |a Volumes 34-<35> published: Cambridge ; New York, NY : Cambridge University Press, 1993-. 
546 |a Contributions in English, French, German, and Italian. 
550 |a Issued by: Istituto nazionale di alta matematica Francesco Severi, 1979-<> 
588 |a Latest issue consulted: Vol. 35, published in 1994. 
650 0 |a Mathematics  |v Congresses. 
650 1 7 |a Wiskunde.  |2 gtt 
710 2 |a Istituto nazionale di alta matematica (Italy) 
710 2 |a Istituto nazionale di alta matematica Francesco Severi. 
776 0 8 |i Online version:  |t Symposia mathematica  |w (OCoLC)622246476 
830 0 |a Pubblicazione dell'Istituto nazionale di alta matematica. 
830 0 |a Pubblicazione dell'Istituto nazionale di alta matematica Francesco Severi. 
850 |a DLC  |a InU  |a WaU 
994 |a C0  |b TXA 
999 |a MARS 
999 f f |s 42806023-5cfa-3da3-8c12-6e75fd447a6a  |i 34f07547-7855-314a-8679-5dd0dfa61038  |t 0 
952 f f |p ric  |a Texas A&M University  |b Rellis Campus  |c Joint Library Facility  |d Remote Storage  |t 0  |e QA1 .S89  |h Library of Congress classification  |i unmediated -- volume  |k v.27  |l 1983  |m A14809699471 
952 f f |p ric  |a Texas A&M University  |b Rellis Campus  |c Joint Library Facility  |d Remote Storage  |t 0  |e QA1 .S89  |h Library of Congress classification  |i unmediated -- volume  |k v.2  |l 1968  |m A14843632606 
952 f f |p ric  |a Texas A&M University  |b Rellis Campus  |c Joint Library Facility  |d Remote Storage  |t 0  |e QA1 .S89  |h Library of Congress classification  |i unmediated -- volume  |k v.8  |l 1970  |m A14843632978 
952 f f |p ric  |a Texas A&M University  |b Rellis Campus  |c Joint Library Facility  |d Remote Storage  |t 0  |e QA1 .S89  |h Library of Congress classification  |i unmediated -- volume  |k v.16  |l 1973/1974  |m A14843632887 
952 f f |p ric  |a Texas A&M University  |b Rellis Campus  |c Joint Library Facility  |d Remote Storage  |t 0  |e QA1 .S89  |h Library of Congress classification  |i unmediated -- volume  |k v.28  |l 1983  |m A14809843664 
952 f f |p ric  |a Texas A&M University  |b Rellis Campus  |c Joint Library Facility  |d Remote Storage  |t 0  |e QA1 .S89  |h Library of Congress classification  |i unmediated -- volume  |k v.10  |l 1971/1972  |m A14843632994 
952 f f |p ric  |a Texas A&M University  |b Rellis Campus  |c Joint Library Facility  |d Remote Storage  |t 0  |e QA1 .S89  |h Library of Congress classification  |i unmediated -- volume  |k v.7  |l 1970/1971  |m A14843632481 
952 f f |p ric  |a Texas A&M University  |b Rellis Campus  |c Joint Library Facility  |d Remote Storage  |t 0  |e QA1 .S89  |h Library of Congress classification  |i unmediated -- volume  |k v.21  |l 1975  |m A14843632747 
952 f f |p ric  |a Texas A&M University  |b Rellis Campus  |c Joint Library Facility  |d Remote Storage  |t 0  |e QA1 .S89  |h Library of Congress classification  |i unmediated -- volume  |k v.26  |l 1981  |m A14813910936 
952 f f |p ric  |a Texas A&M University  |b Rellis Campus  |c Joint Library Facility  |d Remote Storage  |t 0  |e QA1 .S89  |h Library of Congress classification  |i unmediated -- volume  |k v.25  |l 1979  |m A14843632614 
952 f f |p ric  |a Texas A&M University  |b Rellis Campus  |c Joint Library Facility  |d Remote Storage  |t 0  |e QA1 .S89  |h Library of Congress classification  |i unmediated -- volume  |k v.6  |l 1970  |m A14843632473 
952 f f |p ric  |a Texas A&M University  |b Rellis Campus  |c Joint Library Facility  |d Remote Storage  |t 0  |e QA1 .S89  |h Library of Congress classification  |i unmediated -- volume  |k v.17  |l 1973  |m A14843632739 
952 f f |p ric  |a Texas A&M University  |b Rellis Campus  |c Joint Library Facility  |d Remote Storage  |t 0  |e QA1 .S89  |h Library of Congress classification  |i unmediated -- volume  |k v.19  |l 1974  |m A14809635451 
952 f f |p ric  |a Texas A&M University  |b Rellis Campus  |c Joint Library Facility  |d Remote Storage  |t 0  |e QA1 .S89  |h Library of Congress classification  |i unmediated -- volume  |k v.20  |l 1975  |m A14807725690 
952 f f |p ric  |a Texas A&M University  |b Rellis Campus  |c Joint Library Facility  |d Remote Storage  |t 0  |e QA1 .S89  |h Library of Congress classification  |i unmediated -- volume  |k v.13  |l 1972  |m A14843632853 
952 f f |p ric  |a Texas A&M University  |b Rellis Campus  |c Joint Library Facility  |d Remote Storage  |t 0  |e QA1 .S89  |h Library of Congress classification  |i unmediated -- volume  |k v.5  |l 1969/1970  |m A14843632465 
952 f f |p ric  |a Texas A&M University  |b Rellis Campus  |c Joint Library Facility  |d Remote Storage  |t 0  |e QA1 .S89  |h Library of Congress classification  |i unmediated -- volume  |k v.9  |l 1971  |m A14843632986 
952 f f |p ric  |a Texas A&M University  |b Rellis Campus  |c Joint Library Facility  |d Remote Storage  |t 0  |e QA1 .S89  |h Library of Congress classification  |i unmediated -- volume  |k v.11  |l 1971/1972  |m A14818718525 
952 f f |p ric  |a Texas A&M University  |b Rellis Campus  |c Joint Library Facility  |d Remote Storage  |t 0  |e QA1 .S89  |h Library of Congress classification  |i unmediated -- volume  |k v.14  |l 1973  |m A14843632861 
952 f f |p ric  |a Texas A&M University  |b Rellis Campus  |c Joint Library Facility  |d Remote Storage  |t 0  |e QA1 .S89  |h Library of Congress classification  |i unmediated -- volume  |k v.24  |l 1979  |m A14843632762 
952 f f |p ric  |a Texas A&M University  |b Rellis Campus  |c Joint Library Facility  |d Remote Storage  |t 0  |e QA1 .S89  |h Library of Congress classification  |i unmediated -- volume  |k v.12  |l 1972  |m A14843633000 
952 f f |p ric  |a Texas A&M University  |b Rellis Campus  |c Joint Library Facility  |d Remote Storage  |t 0  |e QA1 .S89  |h Library of Congress classification  |i unmediated -- volume  |k v.22  |l 1976  |m A14816644291 
952 f f |p ric  |a Texas A&M University  |b Rellis Campus  |c Joint Library Facility  |d Remote Storage  |t 0  |e QA1 .S89  |h Library of Congress classification  |i unmediated -- volume  |k v.23  |l 1977  |m A14843632754 
952 f f |p ric  |a Texas A&M University  |b Rellis Campus  |c Joint Library Facility  |d Remote Storage  |t 0  |e QA1 .S89  |h Library of Congress classification  |i unmediated -- volume  |k v.29  |l 1984  |m A14812302994 
952 f f |p ric  |a Texas A&M University  |b Rellis Campus  |c Joint Library Facility  |d Remote Storage  |t 0  |e QA1 .S89  |h Library of Congress classification  |i unmediated -- volume  |k v.15  |l 1973  |m A14843632879 
952 f f |p ric  |a Texas A&M University  |b Rellis Campus  |c Joint Library Facility  |d Remote Storage  |t 0  |e QA1 .S89  |h Library of Congress classification  |i unmediated -- volume  |k v.4  |l 1968/1969  |m A14808572757 
952 f f |p ric  |a Texas A&M University  |b Rellis Campus  |c Joint Library Facility  |d Remote Storage  |t 0  |e QA1 .S89  |h Library of Congress classification  |i unmediated -- volume  |k v.3  |l 1968/1969  |m A14843632457 
952 f f |p ric  |a Texas A&M University  |b Rellis Campus  |c Joint Library Facility  |d Remote Storage  |t 0  |e QA1 .S89  |h Library of Congress classification  |i unmediated -- volume  |k v.1  |l 1967  |m A14843632598 
998 f f |a QA1 .S89  |s v.1-17,19-29 (1967-1984)  |t 0  |l Remote Storage